000 00845nam a2200229 4500
003 CO-ViMGA
020 _a9789585458451
040 _aCO-ViMGA
_bspa
_cCO-ViMGA
090 _aN ORR1
100 1 _aOrrantia, Marta
_d1970
_913320
245 1 0 _aMañana no te presentes
_cMarta Orrantia
260 _aBogotá
_b Penguin Random House
300 _a203 páginas
_b23 cm
490 _aPlan Nacional de Lectura y Escritura Leer es mi Cuento / Ministerio de Cultura
500 _aRecomendado para un público adulto\ Incluye datos biográficos del autor al final texto
650 1 4 _aAutores Colombianos
_913321
650 1 4 _aGuerrilleros En La Literatura
_913322
650 1 4 _aLiteratura Colombiana
_ySiglo Xx
_98269
650 1 4 _aNovela Colombiana
_y Siglo Xx
_98275
650 1 4 _aToma Del Palacio De Justicia. Bogota - Novela
_913323
942 _2ddc
_cBK
999 _c8626
_d8626